Jesuitas que conocimos y admiramos /

Semblanzas de jesuitas mexicanos, a excepción del español Pedro Arrupe, pero que tuvo gran afecto a este país. Se incluyen los padres Julio Vértiz, Jaime Castiello, Pedro Arrupe, Narciso Ortiz, Antonio Repiso, José Sánchez Villaseñor, Alfredo Méndez Medina, Miguel González, Gonzalo Carrasco, Roberto...

Бүрэн тодорхойлолт

-д хадгалсан:
Номзүйн дэлгэрэнгүй
Үндсэн зохиолч: Guinea Ramos, Wifredo (compilación)
Формат: Ном
Хэл сонгох:испани
Хэвлэсэн: México : Buena Prensa, 1984, c1984
Нөхцлүүд:
Шошгууд: Шошго нэмэх
Шошго байхгүй, Энэхүү баримтыг шошголох эхний хүн болох!

MARC

LEADER 00000nam^a2200000^a^4500
001 000186979
005 20250521000000.0
009 20260310102244.095
037 |a Acervo ITESO - Biblioteca 
041 |a ESP 
082 |a 255. 530092  |b GUI 
100 |a Guinea Ramos, Wifredo  |e (compilación) 
245 1 0 |a Jesuitas que conocimos y admiramos /  |c Comp. de W. Guinea. 
264 4 |a México :  |b Buena Prensa,  |c 1984, c1984 
300 |a 138 p. 
336 |a texto  |b txt  |2 rdacontenido 
337 |a sin mediación  |b n  |2 rdamedio 
338 |a volumen  |b nc  |2 rdasoporte 
520 |a Semblanzas de jesuitas mexicanos, a excepción del español Pedro Arrupe, pero que tuvo gran afecto a este país. Se incluyen los padres Julio Vértiz, Jaime Castiello, Pedro Arrupe, Narciso Ortiz, Antonio Repiso, José Sánchez Villaseñor, Alfredo Méndez Medina, Miguel González, Gonzalo Carrasco, Roberto Cuellar, Francisco Romo, Ramón Martínez Silva, Miguel Agustín Pro, Luis Sánchez, José A. Romero. 
649 |a XX 
650 |a Jesuitas Mexicanos -  |x Biografías -  |x Tema Principal 
650 |a Jesuitas Españoles -  |x Biografías 
650 |a Jesuitas en México -  |x Historia -  |y Siglo XX 
650 |a Jesuitas -  |x Historia -  |y Siglo XX 
650 |a Monasticismo y Ordenes Religiosas 
650 |a Catolicismo 
650 |a Cristianismo 
650 |a Religión 
910 |a Fondo General 
920 |a Impresos - Libros 
930 |a Colección General 
940 |a Jesuitas 
905 |a 101 
901 |a 0500129029  |b IT1  |c ACC  |u 20250521 
901 |a 0500129001  |b IT1  |c ACC  |u 20250521 
902 |a https://opac.biblio.iteso.mx/vufind/Record/000186979